000 01258nam1a22002411i 4500
001 rc\3569087
005 20260407083818.0
035 _a(NLR Aleph) 007799942
090 _a7679711
_c7679711
100 _a20130115d1973 |||y0rusy50 ca
101 0 _arus
102 _aRU
105 _ay z |||||
200 1 _aПеречень литературы по проблеме "Клиническая генетика в медицинской науке и практическом здравоохранении"
_fМ-во здравоохранения РСФСР. Моск. науч.-исслед. ин-т педиатрии и дет. хирургии
210 _aМосква
_cБ. и.
_d1973
215 _d22
532 1 3 _aПеречень литературы по проблеме Клиническая генетика в медицинской науке и практическом здравоохранении
606 _aГенетика медицинская
_jУказатели литературы
_2psbo
712 0 2 _aМосковский НИИ педиатрии и детской хирургии
_3RU\NLR\AUTH\8810044761
_9588947
801 0 _aRU
_bNLR
_gpsbo
801 1 _aRU
_bELAR
_2rusmarc
852 _aNLR
_jС201-410/П27
942 _cBOOK